The God theory : (Record no. 128744)
[ view plain ]
| 000 -LEADER | |
|---|---|
| fixed length control field | 03020cam a22003614a 4500 |
| 001 - CONTROL NUMBER | |
| control field | 14179160 |
| 003 - CONTROL NUMBER IDENTIFIER | |
| control field | ARRUPE |
| 005 - DATE AND TIME OF LATEST TRANSACTION | |
| control field | 20190108115730.0 |
| 008 - FIXED-LENGTH DATA ELEMENTS--GENERAL INFORMATION | |
| fixed length control field | 051123s2006 cau b 000 0 eng |
| 010 ## - LIBRARY OF CONGRESS CONTROL NUMBER | |
| LC control number | 2005034431 |
| 020 ## - INTERNATIONAL STANDARD BOOK NUMBER | |
| International Standard Book Number | 9781578633746 (alk. paper) |
| 020 ## - INTERNATIONAL STANDARD BOOK NUMBER | |
| International Standard Book Number | 9781578633746 |
| 020 ## - INTERNATIONAL STANDARD BOOK NUMBER | |
| International Standard Book Number | 1578633745 (alk. paper) |
| 035 ## - SYSTEM CONTROL NUMBER | |
| System control number | (OCoLC)ocm62393128 |
| 035 ## - SYSTEM CONTROL NUMBER | |
| System control number | (OCoLC)62393128 |
| 040 ## - CATALOGING SOURCE | |
| Original cataloging agency | DLC |
| Transcribing agency | DLC |
| Modifying agency | YDXCP |
| -- | BAKER |
| -- | VP@ |
| -- | OCO |
| -- | OCLCQ |
| -- | QBX |
| -- | BTCTA |
| -- | DLC |
| 042 ## - AUTHENTICATION CODE | |
| Authentication code | pcc |
| 050 00 - LIBRARY OF CONGRESS CALL NUMBER | |
| Classification number | BL240.3 |
| Item number | .H35 2006 |
| 082 00 - DEWEY DECIMAL CLASSIFICATION NUMBER | |
| Classification number | 215 |
| Edition number | 22 |
| 300 ## - PHYSICAL DESCRIPTION | |
| Dimensions | 24 cm. |
| 100 1# - MAIN ENTRY--PERSONAL NAME | |
| Personal name | Haisch, Bernard, |
| Dates associated with a name | 1949- |
| 9 (RLIN) | 17689 |
| 245 14 - TITLE STATEMENT | |
| Title | The God theory : |
| Remainder of title | universes, zero-point fields and what's behind it all / |
| Statement of responsibility, etc | Bernard Haisch. |
| 260 ## - PUBLICATION, DISTRIBUTION, ETC. (IMPRINT) | |
| Place of publication, distribution, etc | San Francisco, CA : |
| Name of publisher, distributor, etc | Weiser Books, |
| Date of publication, distribution, etc | 2006. |
| 300 ## - PHYSICAL DESCRIPTION | |
| Extent | xii, 157 p. ; |
| 504 ## - BIBLIOGRAPHY, ETC. NOTE | |
| Bibliography, etc | Includes bibliographical references (p. [155]-157). |
| 505 0# - FORMATTED CONTENTS NOTE | |
| Formatted contents note | Personal journey -- From archabbey to astrophysics -- Launching a career -- Age of discovery -- Return of the astronomer-priest -- Asking fundamental questions -- The God theory and creation -- The God theory, karma, and the golden rule -- The God theory and reductionism -- Explaining creation -- Creation by subtraction -- Polarity -- The God theory and consciousness -- Reductionism and a spiritual worldview -- Superstrings and the supernatural -- A spiritual worldview -- No need for intelligent design -- Explaining consciousness -- Three views of consciousness -- Consciousness and physiology -- The brain as filter -- The primacy of consciousness -- Opposite perspectives -- "There can be no evidence for something that is false" -- The random, unconscious, "just-right" universe -- Inflation theory -- The zero-point field -- The Casimir force -- Zeroing in on the zero-point field -- Into the void -- Deriving Newton's postulate -- Inertia -- Inertial reaction -- Defending the theory -- A boost from NASA -- Following the light -- The light of creation -- Kabbalah -- The big bang -- God and the theory of everything -- A God beyond matter -- The manifest God -- Asking God -- Ayin -- Creation as a timeless process -- Atomic stability and the universal timekeeper -- An infinite number of universes -- A universe of consciousness -- Many worlds and quantum mechanics -- A purposeful universe -- Exoteric and esoteric knowledge -- The God theory, Christianity, and humanism -- Final thoughts. |
| 650 #0 - SUBJECT ADDED ENTRY--TOPICAL TERM | |
| Topical term or geographic name as entry element | Religion and science. |
| 9 (RLIN) | 43889 |
| 650 #0 - SUBJECT ADDED ENTRY--TOPICAL TERM | |
| Topical term or geographic name as entry element | God. |
| 9 (RLIN) | 43890 |
| 650 #0 - SUBJECT ADDED ENTRY--TOPICAL TERM | |
| Topical term or geographic name as entry element | Zero-point field. |
| 9 (RLIN) | 43891 |
| 856 41 - ELECTRONIC LOCATION AND ACCESS | |
| Materials specified | Table of contents |
| Uniform Resource Identifier | <a href="http://www.loc.gov/catdir/toc/ecip064/2005034431.html">http://www.loc.gov/catdir/toc/ecip064/2005034431.html</a> |
| 906 ## - LOCAL DATA ELEMENT F, LDF (RLIN) | |
| a | 7 |
| b | cbc |
| c | orignew |
| d | 1 |
| e | ecip |
| f | 20 |
| g | y-gencatlg |
| 942 ## - ADDED ENTRY ELEMENTS (KOHA) | |
| Source of classification or shelving scheme | Library of Congress Classification |
| Koha item type | Monograph ( Printed materials) |
| Withdrawn status | Lost status | Source of classification or shelving scheme | Damaged status | Not for loan | Collection code | Home library | Current library | Shelving location | Date acquired | Total Checkouts | Full call number | Barcode | Date last seen | Date checked out | Price effective from | Koha item type |
|---|---|---|---|---|---|---|---|---|---|---|---|---|---|---|---|---|
| Library of Congress Classification | Main Collection | ARRUPE LIBRARY | ARRUPE LIBRARY | Main Collection | 08/01/2019 | 1 | BL240.3 .H35 2006 | 46600002770 | 18/03/2019 | 28/01/2019 | 08/01/2019 | Monograph ( Printed materials) |